Answers Contain "Guy" - Statistics

General Stats
  • This quiz has been taken 137 times
    48 since last reset
  • The average score is 8 of 16
Answer Stats
Hint Answer % Correct
1999: The first season of this Seth Macfarlane series Family Guy
74%
A 1605 event is the basis of this 5 November commemoration. Guy Fawkes Night
72%
2019 single by Billie Eilish Bad Guy
67%
1993: Debut of this educational science show Bill Nye the Science Guy
61%
1950 musical featuring "Luck Be a Lady" Guys and Dolls
61%
1996 film with Jim Carrey and Matthew Broderick The Cable Guy
52%
1981–1986: Lee Majors TV series about bounty hunters The Fall Guy
52%
2003 romantic comedy with Kate Hudson and Matthew McConaughey How to Lose a Guy in 10 Days
50%
1978: Where the Jonestown Massacre took place Guyana
41%
2010 buddy action comedy film starring Will Ferrell and Mark Wahlberg The Other Guys
39%
1991: Debut of this Simpsons character who owns the Android's Dungeon Comic Book Guy
37%
2021 movie where Ryan Reynolds plays a self-aware NPC Free Guy
37%
1998 hit single by the Offspring Pretty Fly (for a White Guy)
33%
2016 buddy action comedy film starring Russell Crowe and Ryan Gosling The Nice Guys
33%
1971 John Lennon song from the Imagine album Jealous Guy
26%
1963: This comedian of the Blue Collar Comedy Tour was born. Larry the Cable Guy
26%
No matching quizzes found
Score Distribution
Percent of People with Each Score
Percentile by Number Answered
Your Score History
You have not taken this quiz since the last reset